The resurgence of Central Asia : (Record no. 187116)

000 -LEADER
fixed length control field 01452 a2200265 4500
003 - CONTROL NUMBER IDENTIFIER
control field Nust
005 - DATE AND TIME OF LATEST TRANSACTION
control field 20230210091554.0
010 ## - LIBRARY OF CONGRESS CONTROL NUMBER
LC control number 94010703
020 ## - INTERNATIONAL STANDARD BOOK NUMBER
International Standard Book Number 0195775481 (South Asia)
020 ## - INTERNATIONAL STANDARD BOOK NUMBER
International Standard Book Number 1856491315 (hb) :
020 ## - INTERNATIONAL STANDARD BOOK NUMBER
International Standard Book Number 1856491323 (pb) :
040 ## - CATALOGING SOURCE
Transcribing agency Nust
082 00 - DEWEY DECIMAL CLASSIFICATION NUMBER
Classification number 958,RAS
100 1# - MAIN ENTRY--PERSONAL NAME
Personal name Rashid, Ahmed.
9 (RLIN) 90631
245 14 - TITLE STATEMENT
Title The resurgence of Central Asia :
Remainder of title Islam or nationalism? /
Statement of responsibility, etc. Ahmed Rashid.
260 ## - PUBLICATION, DISTRIBUTION, ETC.
Place of publication, distribution, etc. Karachi [Pakistan] :
Name of publisher, distributor, etc. Oxford University Press ;
Place of publication, distribution, etc. London ;
-- Atlantic Highlands, N.J., USA :
Name of publisher, distributor, etc. Zed Books,
Date of publication, distribution, etc. c1994.
300 ## - PHYSICAL DESCRIPTION
Extent viii, 278 p. :
Other physical details map ;
Dimensions 23 cm.
440 #0 - SERIES STATEMENT/ADDED ENTRY--TITLE
Title Politics in contemporary Asia
9 (RLIN) 108823
505 ## - FORMATTED CONTENTS NOTE
Formatted contents note Conquerors , Khans and Communist (Page-1), The Two Revolution -1917-and 1991 (Page-25), Socialism Along the Silk Road – Economy and Society in Central Asia (Page-49), At the Centre of the World – Uzbekistan (Page-78), Warriors of the Turquoise hills – Kazakhstan (Page-107), The Cradle of the Earth – Kyrgyzstan (Page-136), The Mountains of Islam-Tajikistan (Page-159), The Desert Horsemen-Turkmenistan Policy (Page-187), Uncertain Homelands Security, Islam and Nationalism (Page-232).
650 #0 - SUBJECT ADDED ENTRY--TOPICAL TERM
Topical term or geographic name entry element Islam
Geographic subdivision Asia, Central
General subdivision History
Chronological subdivision 20th century.
9 (RLIN) 108824
650 #0 - SUBJECT ADDED ENTRY--TOPICAL TERM
Topical term or geographic name entry element Nationalism
Geographic subdivision Asia, Central
General subdivision History
Chronological subdivision 20th century.
9 (RLIN) 108825
651 #0 - SUBJECT ADDED ENTRY--GEOGRAPHIC NAME
Geographic name Asia, Central
General subdivision History.
9 (RLIN) 108816
856 41 - ELECTRONIC LOCATION AND ACCESS
Materials specified Table of contents
Uniform Resource Identifier <a href="http://www.loc.gov/catdir/toc/hol052/94010703.html">http://www.loc.gov/catdir/toc/hol052/94010703.html</a>
942 ## - ADDED ENTRY ELEMENTS (KOHA)
Source of classification or shelving scheme
Koha item type Book
Holdings
Withdrawn status Lost status Source of classification or shelving scheme Damaged status Not for loan Permanent Location Current Location Shelving location Date acquired Full call number Barcode Date last seen Price effective from Koha item type Public note
          Military College of Signals (MCS) Military College of Signals (MCS) General Stacks 12/12/2016 958,RAS MCS32869 12/08/2016 12/12/2016 Book Almirah No.62, Shelf No.4
© 2023 Central Library, National University of Sciences and Technology. All Rights Reserved.